[Event "Colonia de Sant Jordi op-B"]
[Site "Colonia de Sant Jordi"]
[Date "2022.06.05"]
[Round "5"]
[White "Hidalgo Maireles, Juan Carlos"]
[Black "Boix Pons, Catalina"]
[Result "0-1"]
[WhiteElo "1700"]
[BlackElo "1706"]
[PlyCount "110"]
[EventDate "2022.06.03"]
[EventType "swiss"]
[EventRounds "6"]
[EventCountry "ESP"]
[SourceTitle "CBM 208 Extra"]
[Source "ChessBase"]
[SourceDate "2022.07.31"]
[SourceVersion "1"]
[SourceVersionDate "2022.07.31"]
[SourceQuality "1"]

1. d4 d5 2. e3 Nf6 3. c4 e6 4. a3 a5 5. b3 Nbd7 6. Nf3 Bd6 7. c5 Be7 8. Bb2 c6 9. Nbd2 b6 10. b4 bxc5 11. bxc5 a4 12. Qc2 0-0 13. Bd3 Ba6 14. Bxa6 Rxa6 15. 0-0 Qc7 16. Rab1 Rfa8 17. Bc3 R6a7 18. Rb2 Ne8 19. Rfb1 e5 20. Rb4 e4 21. Ne1 f5 22. g3 Qc8 23. R1b2 Nc7 24. Nb1 Nb5 25. Bd2 Qe8 26. Qd1 h5 27. Ng2 Bg5 28. Ra2 Qg6 29. Kh1 Nf6 30. Nc3 Nxc3 31. Bxc3 Ng4 32. Qe2 Qf7 33. Rab2 Bd8 34. Rb8 Kh7 35. Nf4 g5 36. Ng2 h4 37. h3 Nh6 38. g4 fxg4 39. hxg4 Qd7 40. f3 Qc7 41. Rxa8 Rxa8 42. Ne1 Qg3 43. Qf2 Qc7 44. Qh2 Qxh2+ 45. Kxh2 exf3 46. Nxf3 Nxg4+ 47. Kh3 Nxe3 48. Bd2 Nc4 49. Rb7+ Kg6 50. Bc1 Bf6 51. Kg4 Re8 52. Kh3 Re4 53. Kg2 g4 54. Nd2 Nxd2 55. Bxd2 Re2+ 0-1

[Event "Colonia de Sant Jordi op-B"]
[Site "Colonia de Sant Jordi"]
[Date "2022.06.03"]
[Round "1"]
[White "Pleguezuelos Monserrat, Hector"]
[Black "Boix Pons, Catalina"]
[Result "0-1"]
[WhiteElo "1204"]
[BlackElo "1706"]
[PlyCount "52"]
[EventDate "2022.06.03"]
[EventType "swiss"]
[EventRounds "6"]
[EventCountry "ESP"]
[SourceTitle "CBM 208 Extra"]
[Source "ChessBase"]
[SourceDate "2022.07.31"]
[SourceVersion "1"]
[SourceVersionDate "2022.07.31"]
[SourceQuality "1"]

1. d4 Nf6 2. Bf4 d5 3. e3 e6 4. Nf3 c5 5. c3 Nc6 6. Nbd2 Bd6 7. Bg3 Bxg3 8. hxg3 Qe7 9. Bb5 Bd7 10. Bxc6 Bxc6 11. Ne5 Rc8 12. Qc2 cxd4 13. exd4 h6 14. 0-0-0 Nd7 15. Nxc6 Rxc6 16. g4 b5 17. Rde1 b4 18. Re3 bxc3 19. Rxc3 Rxc3 20. Qxc3 0-0 21. Kb1 Nb6 22. Nb3 Rc8 23. Qe3 Nc4 24. Qd3 a5 25. Rc1 Rb8 26. a4 Qb4 0-1

[Event "Palma de Mallorca (Women) 1st"]
[Site "Palma de Mallorca"]
[Date "2021.10.24"]
[Round "5"]
[White "Doncel Juarez, Arantxa"]
[Black "Boix Pons, Catalina"]
[Result "0-1"]
[WhiteElo "1109"]
[BlackElo "1718"]
[PlyCount "64"]
[EventDate "2021.10.22"]
[EventType "swiss"]
[EventRounds "5"]
[EventCountry "ESP"]
[SourceTitle "CBM 204 Extra"]
[Source "ChessBase"]
[SourceDate "2021.11.30"]
[SourceVersion "1"]
[SourceVersionDate "2021.11.30"]
[SourceQuality "1"]

1. d4 d6 2. Bf4 g6 3. Nf3 Bg7 4. e3 Nd7 5. Bd3 e5 6. dxe5 dxe5 7. Bg5 Ngf6 8. e4 h6 9. Be3 0-0 10. Nbd2 Ng4 11. Nc4 b5 12. Ncd2 Nxe3 13. fxe3 a6 14. 0-0 Nc5 15. Qe2 Be6 16. b4 Na4 17. Nb1 Qe7 18. Qd2 Rad8 19. c3 Bc4 20. Ne1 Rxd3 21. Nxd3 Rd8 22. Qf2 Bxd3 23. Re1 Bxb1 24. Raxb1 Nxc3 25. Rbc1 Nxe4 26. Qc2 Nd6 27. Qxc7 Qxc7 28. Rxc7 Nc4 29. e4 Bf8 30. Rf1 Nd6 31. Rfc1 Ne8 32. Rf1 Nxc7 0-1

[Event "Calvia Amateur op 17th"]
[Site "Calvia"]
[Date "2020.10.12"]
[Round "3"]
[White "Boix Pons, Catalina"]
[Black "Rodriguez Yague, Fermin"]
[Result "1-0"]
[WhiteElo "1762"]
[BlackElo "1544"]
[PlyCount "63"]
[EventDate "2020.10.10"]
[EventType "swiss"]
[EventRounds "9"]
[EventCountry "ESP"]
[SourceTitle "CBM 198 Extra"]
[Source "ChessBase"]
[SourceDate "2020.11.30"]
[SourceVersion "1"]
[SourceVersionDate "2020.11.30"]
[SourceQuality "1"]

1. d4 Nf6 2. c4 g6 3. Nc3 Bg7 4. e4 d6 5. f4 c5 6. d5 Bg4 7. Be2 Bxe2 8. Qxe2 Nfd7 9. Nf3 f6 10. 0-0 0-0 11. Be3 a6 12. a4 b6 13. Kh1 Re8 14. Rad1 Qc7 15. Rd3 Nf8 16. Rfd1 Nbd7 17. g4 Reb8 18. h4 b5 19. axb5 Nb6 20. R3d2 a5 21. Nb1 Rd8 22. f5 Nfd7 23. Na3 Ne5 24. Nxe5 dxe5 25. Qf2 Rac8 26. Rg1 Qd6 27. Rg2 Kf8 28. Rd1 Ke8 29. Qe2 Ra8 30. Qc2 Rdc8 31. Ra1 Rc7 32. Qe2 1-0

[Event "Calvia Amateur op 17th"]
[Site "Calvia"]
[Date "2020.10.11"]
[Round "2"]
[White "Baldo Company, Jordi"]
[Black "Boix Pons, Catalina"]
[Result "1/2-1/2"]
[WhiteElo "1565"]
[BlackElo "1762"]
[PlyCount "47"]
[EventDate "2020.10.10"]
[EventType "swiss"]
[EventRounds "9"]
[EventCountry "ESP"]
[SourceTitle "CBM 198 Extra"]
[Source "ChessBase"]
[SourceDate "2020.11.30"]
[SourceVersion "1"]
[SourceVersionDate "2020.11.30"]
[SourceQuality "1"]

1. e4 c5 2. Nf3 Nc6 3. d4 cxd4 4. Nxd4 g6 5. Nc3 Bg7 6. Be3 Nf6 7. f3 0-0 8. Qd2 d5 9. Nxc6 bxc6 10. exd5 Nxd5 11. Nxd5 cxd5 12. c3 Re8 13. Bb5 Rf8 14. Bc6 Ba6 15. Bxa8 Qxa8 16. Bh6 Bxh6 17. Qxh6 Qb8 18. 0-0-0 e5 19. Rd2 Rc8 20. Rxd5 Bc4 21. Qd2 Bxa2 22. Rd1 Bxd5 23. Qxd5 Qc7 24. Qd7 1/2-1/2

[Event "Calvia Amateur op 15th"]
[Site "Calvia"]
[Date "2018.10.09"]
[Round "4"]
[White "Gromovs, Sergejs"]
[Black "Boix Pons, Catalina"]
[Result "1-0"]
[WhiteElo "2135"]
[BlackElo "1840"]
[PlyCount "71"]
[EventDate "2018.10.06"]
[EventType "swiss"]
[EventRounds "9"]
[EventCountry "ESP"]
[SourceTitle "CBM 186 Extra"]
[Source "ChessBase"]
[SourceDate "2018.08.24"]
[SourceVersion "1"]
[SourceVersionDate "2018.08.24"]
[SourceQuality "1"]

1. d4 d5 2. c4 e6 3. Nc3 Nf6 4. Nf3 c6 5. Bg5 Be7 6. e3 0-0 7. Qc2 Nbd7 8. a3 a5 9. Rc1 h6 10. Bh4 b6 11. Be2 Ba6 12. cxd5 Bxe2 13. Nxe2 cxd5 14. 0-0 Ne4 15. Bg3 Nxg3 16. hxg3 Bd6 17. Nc3 Rc8 18. Qb3 Qe7 19. Qb5 Rc4 20. e4 Rxc3 21. Rxc3 dxe4 22. Nd2 Nf6 23. Nc4 Nd5 24. Rb3 Bc7 25. Rc1 f5 26. Ne3 Nf6 27. d5 f4 28. gxf4 Bxf4 29. dxe6 Bxe3 30. Rxe3 Qxe6 31. Qb3 Qxb3 32. Rxb3 Rb8 33. Rb5 g5 34. Rd1 Ng4 35. f3 exf3 36. gxf3 1-0

[Event "Balears-ch (Women)"]
[Site "Palma de Mallorca"]
[Date "2016.03.27"]
[Round "6"]
[White "Boix Pons, Catalina"]
[Black "Riera Torres, Diana"]
[Result "1-0"]
[WhiteElo "1820"]
[BlackElo "1685"]
[PlyCount "53"]
[EventDate "2016.03.25"]
[EventType "tourn"]
[EventRounds "7"]
[EventCountry "ESP"]
[SourceTitle "CBM 171 Extra"]
[Source "ChessBase"]
[SourceDate "2016.04.26"]
[SourceVersion "1"]
[SourceVersionDate "2016.04.26"]
[SourceQuality "1"]

1. d4 Nf6 2. Nf3 g6 3. c4 Bg7 4. Nc3 0-0 5. e4 d6 6. Be2 Nc6 7. d5 Nb8 8. 0-0 Nfd7 9. Be3 e5 10. dxe6 fxe6 11. Qd2 Nc6 12. Rad1 b6 13. Bg5 Nf6 14. a3 a5 15. Qc1 Qe7 16. Rfe1 Bb7 17. Bd3 Qf7 18. h3 Nd7 19. Rf1 Nde5 20. Nxe5 Nxe5 21. Be2 Rac8 22. Be3 Rfd8 23. Bh6 Bh8 24. Kh1 Nc6 25. Nb5 Ne7 26. f3 c6 27. Nxd6 1-0

[Event "Balears-ch (Women)"]
[Site "Palma de Mallorca"]
[Date "2016.03.25"]
[Round "1"]
[White "Triay Piedrabuena, Maria"]
[Black "Boix Pons, Catalina"]
[Result "1-0"]
[WhiteElo "1452"]
[BlackElo "1820"]
[PlyCount "83"]
[EventDate "2016.03.25"]
[EventType "tourn"]
[EventRounds "7"]
[EventCountry "ESP"]
[SourceTitle "CBM 171 Extra"]
[Source "ChessBase"]
[SourceDate "2016.04.26"]
[SourceVersion "1"]
[SourceVersionDate "2016.04.26"]
[SourceQuality "1"]

1. e4 c5 2. Nc3 d6 3. g3 Nc6 4. Bg2 g6 5. d3 Bg7 6. Be3 Nf6 7. h3 Rb8 8. Qd2 b5 9. Bh6 0-0 10. Bxg7 Kxg7 11. Nd1 a5 12. f4 Bd7 13. Ne2 Qb6 14. Ne3 e6 15. Ng4 Ng8 16. h4 h5 17. Ne3 Nh6 18. Bh3 Nd4 19. Nxd4 cxd4 20. Nd1 b4 21. Nf2 f5 22. Bg2 Bc6 23. 0-0 Qb7 24. Rfe1 Rbe8 25. a3 e5 26. axb4 axb4 27. Ra5 Ra8 28. Rea1 Rxa5 29. Rxa5 Qb6 30. Ra1 exf4 31. Qxf4 Qc5 32. Qd2 Rc8 33. exf5 Nxf5 34. Bxc6 Qxc6 35. Ra7+ Kg8 36. Qg5 d5 37. g4 Qb6 38. Rd7 Ng7 39. Qxd5+ Kh7 40. gxh5 Rxc2 41. Qf7 Rc1+ 42. Kg2 1-0

[Event "Calvia Amateur op 12th"]
[Site "Calvia"]
[Date "2015.10.10"]
[Round "1"]
[White "Galiana Salom, Juan Ramon"]
[Black "Boix Pons, Catalina"]
[Result "1-0"]
[WhiteElo "2226"]
[BlackElo "1813"]
[PlyCount "33"]
[EventDate "2015.10.10"]
[EventType "swiss"]
[EventRounds "9"]
[EventCountry "ESP"]
[SourceTitle "EXT 2017"]
[Source "ChessBase"]
[SourceDate "2016.10.25"]
[SourceVersion "1"]
[SourceVersionDate "2016.10.25"]
[SourceQuality "1"]

1. e4 c5 2. Nf3 Nc6 3. d4 cxd4 4. Nxd4 d6 5. Nc3 Nf6 6. Be2 g6 7. 0-0 Bg7 8. Nb3 0-0 9. Re1 a5 10. a4 Be6 11. Bg5 h6 12. Bh4 g5 13. Bg3 d5 14. Nc5 Nxe4 15. Nxe6 Nxc3 16. Nxd8 Nxd1 17. Nxc6 1-0

[Event "ESP-ch (Women)"]
[Site "Padron"]
[Date "2011.08.06"]
[Round "7"]
[White "Boix Pons, Catalina"]
[Black "Nieto Asencio, Maria del Carmen"]
[Result "1-0"]
[WhiteElo "1900"]
[BlackElo "2034"]
[PlyCount "175"]
[EventDate "2011.08.01"]
[EventType "swiss"]
[EventRounds "7"]
[EventCountry "ESP"]
[SourceTitle "CBM 143 Extra"]
[Source "ChessBase"]
[SourceDate "2011.08.29"]
[SourceVersion "1"]
[SourceVersionDate "2011.08.29"]
[SourceQuality "1"]

1. d4 g6 2. e4 Bg7 3. c4 c5 4. d5 d6 5. Nc3 Bxc3+ 6. bxc3 Qa5 7. Bd2 Nf6 8. Bd3 Nbd7 9. Nf3 Ng4 10. 0-0 b6 11. h3 Nge5 12. Nxe5 Nxe5 13. Qe2 Ba6 14. a4 0-0-0 15. f4 Nxd3 16. Qxd3 e6 17. f5 gxf5 18. exf5 e5 19. f6 Rde8 20. Qe4 h5 21. Rf5 b5 22. cxb5 Bxb5 23. Qh4 Be2 24. Rg5 c4 25. Rg7 Qxd5 26. Be3 Qb7 27. Qf2 Bd3 28. Bxa7 Bg6 29. a5 Kd7 30. Bb6 Re6 31. a6 Qc6 32. a7 d5 33. Be3 Rxf6 34. Qb2 Re6 35. Rb1 Bxb1 36. Qxb1 Re7 37. Bg5 f6 38. Rxe7+ Kxe7 39. Be3 Rd8 40. Qh7+ Ke6 41. Qxh5 Qe8 42. Qh7 Qc6 43. g4 Qe8 44. Qf5+ Kd6 45. Qxf6+ Kd7 46. Qa6 Ra8 47. Bc5 d4 48. Qd6+ Kc8 49. Qd5 Kc7 50. Bd6+ Kb6 51. Qc5+ Kb7 52. Qc7+ Ka6 53. Bxe5 Rxa7 54. Qxc4+ Kb7 55. Qd5+ Kc8 56. Qc5+ Kb7 57. Qb4+ Ka8 58. Qxd4 Ra1+ 59. Kh2 Qc6 60. Qd8+ Ka7 61. Bd4+ Kb7 62. Qe7+ Ka8 63. Qe5 Ra2+ 64. Kg3 Rg2+ 65. Kf4 Qh6+ 66. Kf5 Qh7+ 67. Ke6 Qg8+ 68. Kd7 Qf7+ 69. Kc6 Qb7+ 70. Kc5 Qc8+ 71. Kd5 Qb7+ 72. Ke6 Qc8+ 73. Kf6 Qf8+ 74. Kg5 Qg8+ 75. Qg7 Qd8+ 76. Qf6 Qg8+ 77. Kh6 Qd5 78. Qe7 Ra2 79. g5 Ra6+ 80. g6 Qc6 81. Qf8+ Kb7 82. Qf7+ Ka8 83. h4 Ra4 84. h5 Ra1 85. Kh7 Qh1 86. h6 Ra6 87. Qe8+ Kb7 88. Qb5+ 1-0

[Event "ESP-ch (Women)"]
[Site "Padron"]
[Date "2011.08.01"]
[Round "1"]
[White "Boix Pons, Catalina"]
[Black "Vega Gutierrez, Belinda Vidina"]
[Result "0-1"]
[WhiteElo "1900"]
[BlackElo "2227"]
[PlyCount "100"]
[EventDate "2011.08.01"]
[EventType "swiss"]
[EventRounds "7"]
[EventCountry "ESP"]
[SourceTitle "CBM 143 Extra"]
[Source "ChessBase"]
[SourceDate "2011.08.29"]
[SourceVersion "1"]
[SourceVersionDate "2011.08.29"]
[SourceQuality "1"]

1. d4 d5 2. c4 e6 3. Nc3 Nf6 4. Nf3 Be7 5. Bg5 Nbd7 6. e3 0-0 7. Rc1 h6 8. Bh4 c6 9. Bd3 dxc4 10. Bxc4 b5 11. Bd3 Bb7 12. 0-0 a6 13. Qe2 c5 14. dxc5 Nxc5 15. Bc2 Nd5 16. Nxd5 Bxd5 17. Bxe7 Qxe7 18. Bb1 Rac8 19. b3 Ne4 20. Qd3 Qa3 21. Rxc8 Rxc8 22. Nd2 f5 23. Nxe4 fxe4 24. Qd2 a5 25. h3 a4 26. bxa4 Qxa4 27. f3 Ra8 28. fxe4 Bxa2 29. Qd7 b4 30. Qxa4 Rxa4 31. Bxa2 Rxa2 32. Rb1 Ra4 33. Kf2 Kf7 34. e5 Kg6 35. g4 Kg5 36. Kg3 h5 37. h4+ Kg6 38. Rb3 hxg4 39. Kxg4 Kh6 40. h5 Ra5 41. Rxb4 Rxe5 42. Rb8 Rg5+ 43. Kf4 Kxh5 44. Re8 Rf5+ 45. Ke4 Rf6 46. Ke5 Kg4 47. e4 Kf3 48. Rg8 Rg6 49. Rf8+ Ke3 50. Re8 Rg4 0-1

[Event "ESP-ch (Women)"]
[Site "Novetle"]
[Date "2008.08.05"]
[Round "3"]
[White "Folch Fuentes, Eva"]
[Black "Boix Pons, Catalina"]
[Result "0-1"]
[WhiteElo "1500"]
[BlackElo "2022"]
[PlyCount "66"]
[EventDate "2008.08.03"]
[EventType "swiss"]
[EventRounds "7"]
[EventCountry "ESP"]
[SourceTitle "CBM 125 Extra"]
[Source "ChessBase"]
[SourceDate "2008.09.01"]
[SourceVersion "1"]
[SourceVersionDate "2008.09.01"]
[SourceQuality "1"]

1. e4 c5 2. d3 Nc6 3. Nf3 d6 4. g3 g6 5. Bg2 Bg7 6. 0-0 Nf6 7. c3 0-0 8. Nbd2 e5 9. Qc2 Bd7 10. Nc4 Be6 11. Ne3 Rc8 12. Bd2 b5 13. Ng5 Bd7 14. Nd5 h6 15. Nh3 Nxd5 16. exd5 Ne7 17. f4 Nxd5 18. f5 Nf6 19. fxg6 fxg6 20. d4 cxd4 21. Qb3+ Kh7 22. cxd4 Qb6 23. Be3 exd4 24. Bf2 Ng4 25. Kh1 Ne3 26. Bxe3 dxe3 27. Rfe1 Bd4 28. Nf4 Bc6 29. Qd3 Bxg2+ 30. Kxg2 Rf5 31. Rad1 Qc6+ 32. Kh3 Rxf4 33. gxf4 Qf3+ 0-1

[Event "ESP-ch (Women)"]
[Site "Ciudad Real"]
[Date "2007.10.12"]
[Round "7"]
[White "Boix Pons, Catalina"]
[Black "Torrecillas Muelas, Maria del Camino"]
[Result "1-0"]
[WhiteElo "2004"]
[BlackElo "1707"]
[PlyCount "67"]
[EventDate "2007.10.08"]
[EventType "swiss"]
[EventRounds "7"]
[EventCountry "ESP"]
[SourceTitle "CBM 120 Extra"]
[Source "ChessBase"]
[SourceDate "2007.11.01"]
[SourceVersion "1"]
[SourceVersionDate "2007.11.01"]
[SourceQuality "1"]

1. d4 d5 2. c4 c6 3. a4 e6 4. e3 Nf6 5. Nf3 Nbd7 6. Nc3 Bd6 7. Be2 0-0 8. 0-0 dxc4 9. Bxc4 e5 10. Qc2 exd4 11. exd4 Qc7 12. Bg5 Bf4 13. Bh4 h6 14. Rfe1 Nb6 15. Bxf6 Nxc4 16. Bh4 Be6 17. Rad1 Nb6 18. Ne5 Qc8 19. Qe4 Bxe5 20. dxe5 Nd5 21. Ne2 Qc7 22. Rd3 Rfe8 23. Nd4 Qa5 24. Nb3 Qb6 25. Nd4 Qa5 26. Nxe6 Rxe6 27. f4 Rae8 28. Bg3 Nf6 29. Qc4 Nh5 30. Bf2 Qc7 31. Red1 Qa5 32. g4 Nf6 33. exf6 Rxf6 34. Rd7 1-0

[Event "ESP-ch (Women)"]
[Site "Ciudad Real"]
[Date "2007.10.11"]
[Round "5"]
[White "Boix Pons, Catalina"]
[Black "Penas Hernandez, Yolanda"]
[Result "0-1"]
[WhiteElo "2004"]
[BlackElo "2046"]
[PlyCount "64"]
[EventDate "2007.10.08"]
[EventType "swiss"]
[EventRounds "7"]
[EventCountry "ESP"]
[SourceTitle "CBM 120 Extra"]
[Source "ChessBase"]
[SourceDate "2007.11.01"]
[SourceVersion "1"]
[SourceVersionDate "2007.11.01"]
[SourceQuality "1"]

1. d4 f5 2. g3 Nf6 3. Bg2 g6 4. c4 Bg7 5. Nc3 0-0 6. e3 d6 7. Nf3 c6 8. 0-0 Qe8 9. Qb3 Kh8 10. d5 Na6 11. Nd4 Nc5 12. Qc2 Bd7 13. b4 Na6 14. dxc6 bxc6 15. Ba3 Rc8 16. c5 e5 17. Nxc6 Bxc6 18. Bxc6 Qxc6 19. b5 Qf3 20. bxa6 dxc5 21. Rab1 Rc6 22. Rb5 Rfc8 23. Rfb1 e4 24. Rb8 Ng4 25. Nd5 Be5 26. Bb2 Rxb8 27. Bxe5+ Nxe5 28. Rxb8+ Kg7 29. Rb7+ Kh6 30. Rxa7 Rd6 31. Qb3 Nd3 32. Qc2 Ne1 0-1

[Event "ESP-ch (Women)"]
[Site "Ciudad Real"]
[Date "2007.10.09"]
[Round "2"]
[White "Gutierrez Castillo, Paloma"]
[Black "Boix Pons, Catalina"]
[Result "1-0"]
[WhiteElo "2141"]
[BlackElo "2004"]
[PlyCount "101"]
[EventDate "2007.10.08"]
[EventType "swiss"]
[EventRounds "7"]
[EventCountry "ESP"]
[SourceTitle "CBM 120 Extra"]
[Source "ChessBase"]
[SourceDate "2007.11.01"]
[SourceVersion "1"]
[SourceVersionDate "2007.11.01"]
[SourceQuality "1"]

1. e4 c5 2. Nf3 d6 3. Bb5+ Bd7 4. Bxd7+ Qxd7 5. c4 Nc6 6. Nc3 g6 7. d4 cxd4 8. Nxd4 Bg7 9. Nde2 Nf6 10. f3 0-0 11. 0-0 e6 12. Bg5 h6 13. Bh4 a6 14. a4 Qc7 15. Rb1 Nd7 16. f4 Na5 17. b3 Nf6 18. f5 Rae8 19. Bg3 e5 20. Kh1 Nc6 21. fxg6 fxg6 22. Nd5 Nxd5 23. Qxd5+ Kh7 24. Rxf8 Rxf8 25. Rd1 Rf6 26. Bh4 g5 27. Bg3 Qb6 28. Qd3 Nd4 29. Nxd4 Qxd4 30. Qe2 Qc3 31. Rd3 Qc1+ 32. Rd1 Qc3 33. Rb1 Qd4 34. h3 Bf8 35. Rf1 Be7 36. Rxf6 Bxf6 37. Bf2 Qc3 38. Qd1 Be7 39. Qd5 Bf8 40. Qxb7+ Bg7 41. Qxa6 Qxb3 42. Bg1 Qd3 43. Qb7 g4 44. h4 Qg3 45. Qe7 Qe1 46. h5 Qxe4 47. Qxd6 Qxc4 48. a5 Qe2 49. a6 g3 50. Qg6+ Kg8 51. a7 1-0